| 000 | 00991cam a22002655a 4500 | ||
|---|---|---|---|
| 001 | 13509967 | ||
| 005 | 20160403161935.0 | ||
| 008 | 040303s2004 enka frb 001 0 eng d | ||
| 010 | _a 2004046146 | ||
| 020 | _a9780192802187 | ||
| 040 |
_aDLC _beng _cDLC _dDLC _dDLC _dEG-ScBUE |
||
| 082 | 0 | 4 |
_a330.122 _bFUL _222 |
| 100 | 1 |
_aFulcher, James. _939757 |
|
| 245 | 1 | 0 |
_aCapitalism : _ba very short introduction / _cJames Fulcher. |
| 260 |
_aOxford ; _aNew York : _bOxford University Press, _c2004. |
||
| 300 |
_axx, 139 p. : _bill. ; _c18 cm. |
||
| 490 | 0 |
_aVery short introductions ; _v108 |
|
| 500 | _aIndex : p. 135-139. | ||
| 504 | _aBibliography : p. 129-134. | ||
| 520 | _aExplores the origins, forms, and crisis tendencies of capitalism and discusses possible alternatives, including socialism, communal and cooperative ventures, and options proposed by environmentalists. | ||
| 650 | 7 |
_aCapitalism. _2BUEsh _939756 |
|
| 651 | _2BUEsh | ||
| 653 |
_bEEENG _cApril2016 |
||
| 942 | _2ddc | ||
| 999 |
_c21568 _d21540 |
||